00475nam a2200193Ia 4500008004100000020001800041050001400059100002200073245002300095245004100118245002200159260001500181260001600196260000900212300001500221300002700236300001000263500000800273170918s9999 xx 000 0 und d a9780439597975 bP252 2003 aParks, Deborah A. aBattle for honor : bJapanese Americans in World War II / cDeborah A. Parks. aNew York : bScholastic, c2003 a40 pages : bcolored illustration ; c19cm. a370